Music Quiz

Random Music or Clickable Quiz

BTS Songs According to Google Translate Quiz Stats

 Plays Quiz not verified by Sporcle

Challenge
Share
Tweet
Embed
Score 0/20 Timer 04:00
5 Plays Today
% Correct
Tears of Blood Sweat
96.5%
A Woman of the 21st Century
95.3%
Spring
94.6%
Can You Erase Your Cellphone?
94.3%
Hip Hop
93.3%
Only One Day
92.9%
Couple! Three! (Still a Better Day)
92.8%
Where it Came From
92.6%
Hormone War
92.6%
Moving
90.7%
% Correct
Quilt Kick
87.5%
Got Me
70.5%
Combustion
67.5%
Good
63.5%
Manly Man
59.3%
Boy
58.8%
Bullet Flight
57.6%
Best
47.8%
Mackerel
46.4%
HY
41.4%

You're not logged in!

Compare scores with friends on all Sporcle quizzes.
Join for Free
OR
Log In

You Might Also Like...

Show Comments

Extras

Top Quizzes Today


Score Distribution

Your Account Isn't Verified!

In order to create a playlist on Sporcle, you need to verify the email address you used during registration. Go to your Sporcle Settings to finish the process.

Report this User

Report this user for behavior that violates our Community Guidelines.

Details: